000 00345nam a2200133 i 4500
001 bg
100 1 _aSAWICKI, Tadeusz
245 0 _aOcena sprężysto-plastycznych ugięć konstukcji prętowych /
_cTadeusz Sawicki.
260 _aWarszawa,
_c1982.
040 _cBPK
041 _apol
942 _cKS
008 s pl f |000 0 pol
999 _c20824
_d20824
856 _uhttp://koha.tu.koszalin.pl/cgi-bin/koha/opac-detail.pl?biblionumber=20824
_yKatalog online BPK